Statistiques concernant Chaîne de mots - Asie

Cliquez ici pour prendre le quiz!

Statistiques générales

  • Ce quiz a été pris 6 704 fois
  • Le résultat moyen est 14 sur 22

Statistiques - réponses

IndiceRéponse% Correct
Pays le plus peuplé du mondeInde
93%
Langue officielle de la ChineMandarin
90%
Ville détruite par une bombe atomiqueNagasaki
84%
Multinationale à l'origine de franchises
de jeux comme Mario ou Zelda
Nintendo
83%
Titre porté par le dirigeant du QatarÉmir
82%
Seul pays ayant un drapeau qui n'est
pas un quadrilatère
Népal
82%
Ville à cheval entre l'Europe et l'AsieIstanbul
79%
Ville où se situe le Burj KhalifaDubaï
77%
Capitale et plus grande ville de l'IranTéhéran
76%
Pays dirigé par un sultanOman
68%
Monnaie officielle de l'IndeRoupie
64%
Capitale du PakistanIslamabad
63%
Quartier de Séoul popularisé par PsyGangnam
62%
Région de Chine avec une altitude
moyenne de 4 900 m
Tibet
60%
Animal national de la ThaïlandeÉléphant
59%
Fleur sacrée dans l'Hindouisme et
le Bouddhisme
Lotus
58%
Japon en japonaisNihon
48%
"Pâté impérial" au Viêt NamNem
47%
Plus long fleuve d'Asie du Sud-EstMékong
45%
Ville située à la frontière nord de
Hong Kong
Shenzhen
31%
Île la plus large des PhilippinesLuçon
19%
Indice boursier du Japon : ______ 141Nikkei
18%

Distribution des résultats

Percentile par nombre de réponses

% des personnes avec chaque résultat

Votre développement - résultats

Vous n’avez pas pris ce quiz